Animali Artici - Statistics

Statistiche generali
  • Questo quiz è stato fatto 21 volte
  • Il punteggio medio è 7 su 20
Statistiche sulle risposte
Hint Risposta % Corretto
Orso Polare
95%
Foca
63%
Oca delle Nevi
63%
Volpe Artica
58%
Narvalo
53%
Tricheco
53%
Leone Marino
47%
Caribù
42%
Pesci Squalo della Groenlandia
37%
Beluga
32%
Lemming
26%
Mammiferi Balena della Groenlandia
21%
Bue Muschiato
16%
Elefante Marino
16%
Lupo Artico
16%
Lepre Artica
11%
Uccelli Gufo delle Nevi
5%
Lince Artica
5%
Pulcinella di Mare
5%
Sterna Artica
5%
Nessun quiz corrispondente trovato
Distribuzione punteggi
Percentuale di utenti per punteggio
Percentile per numero di risposta
I tuoi punteggi nel tempo
Non hai fatto questo quiz